000 00744nas a2200241 4500
001 BR9605094
003 BR-BrBNA
005 20231205094907.0
007 ta
008 230509b bl.|||p| |||| 00| 00por d
040 _aBR-BrBNA
_bpor
_cBiblioteca Nacional de Agricultura
041 _a(Pt)
072 _aQ02
100 1 _aBonassi, I.A.
100 1 _aGoldani, J.S.
100 1 _aLima, V. de A.
245 1 _aEfeito da aplicacao do glutation na fabricacao do queijo tipo minas
650 _aQueijo de Minas
650 _aTecnologia de Alimento
773 0 _tRevista Brasileira de Tecnologia (Brazil)
_xISSN 0100-6711
_g(Mar-Jun 1978), v. 9(1-2) p. 63-71
_wBR9605094
909 _a202311
_bLúcia
_c55
_dLúcia Elande
942 _2AGRIS
_n0
_cANA
999 _c147586
_d147586